Apuntes para un estudio sobre la guerra y la paz armada / (Record no. 163363)

MARC details
000 -LEADER
campo de control de longitud fija 00808nam a22001815i 4500
001 - NÚMERO DE CONTROL
campo de control 163363
003 - IDENTIFICADOR DE NÚMERO DE CONTROL
campo de control ES-MaACL
005 - FECHA Y HORA DE LA ÚLTIMA TRANSACCIÓN
campo de control 20250522202740.0
008 - DATOS DE LONGITUD FIJA--INFORMACIÓN GENERAL
campo de control de longitud fija 991006s1891 sp |||| | spa d
040 ## - FUENTE DE CATALOGACIÓN
Centro catalogador/agencia de origen CCPB | B
Lengua de catalogación spa
Centro/agencia transcriptor CCPB | B
100 1# - ENTRADA PRINCIPAL--NOMBRE DE PERSONA
Nombre de persona Retortillo y Tornos, Alfonso.
9 (RLIN) 96367
245 10 - MENCIÓN DEL TÍTULO
Título Apuntes para un estudio sobre la guerra y la paz armada /
Mención de responsabilidad, etc. por Alfonso Retortillo y Tornos ; precedido de un prólogo del Marqués de Olivart.
260 ## - PUBLICACIÓN, DISTRIBUCIÓN, ETC.
Lugar de publicación, distribución, etc. Madrid :
Nombre del editor, distribuidor, etc. [s.n.],
Fecha de publicación, distribución, etc. 1891 (
Fabricante Imprenta de Fortanet)
300 ## - DESCRIPCIÓN FÍSICA
Extensión XXXI, 174 p. ;
Dimensiones 18 cm.
700 1# - ENTRADA AGREGADA--NOMBRE PERSONAL
Nombre de persona Olivart, Ramón María de Dalmau,
Títulos y otros términos asociados al nombre Marqués de,
Fechas asociadas al nombre 1861-1928
9 (RLIN) 130617
852 ## - LOCALIZACIÓN
Ubicación ES-MaACL
Número de control de estantería T-590-F-2
Nota libre -- Enc. hol., conservando la cub. original
-- -- Ded. del autor al Ateneo de Madrid
-- -- Enc. en un vol. facticio
Holdings
Estatus retirado Estado de pérdida Estado de daño No para préstamo Colección Biblioteca de origen Biblioteca actual Ubicación en estantería Fecha de adquisición Total de préstamos Signatura topográfica completa Código de barras Visto por última vez Precio de reemplazo Tipo de ítem Koha
        Colección de folletos Biblioteca del Ateneo de Madrid Biblioteca del Ateneo de Madrid Depósito folletos 17/01/2008   T-590-F-2 1171189 23/02/2023 23/02/2023 Folleto